Images of the past

Salvato in:
Dettagli Bibliografici
Autore principale: Price, T. Douglas Feinman, Gary M.
Natura: Libro
Lingua:inglese
Pubblicazione: McGraw-Hill Education 2020
Tags: Aggiungi Tag
Nessun Tag, puoi essere il primo ad aggiungerne!!

MARC

LEADER 00000nam a22000007a 4500
008 210812b ||||| |||| 00| 0 eng d
020 |a 9781260566250 
100 |a Price, T. Douglas  |a Feinman, Gary M. 
245 |a Images of the past  |c T. Douglas Price and Gary M. Feinman   |g vxii, 570p;ill 
250 |b 8th 
260 |b McGraw-Hill Education  |c 2020  |h New York  |i 696870  |i 696871  |l GN740.P93  |m Prehistoric peoples  |m Archaeology  |m Indian iniquities 
500 |a it includes references and index 
942 |a lcc  |c BK  |e Johnson  |f 12/08/21 
952 |0 0  |1 0  |2 lcc  |4 0  |6 GN0740 P93  |7 0  |9 2996  |a ART  |b HOL  |c GJ  |d 2021-08-12  |l 0  |o GN740.P93  |p 2021-66684  |r 2021-08-12 00:00:00  |w 2021-08-12  |y BK 
952 |0 0  |1 0  |2 lcc  |4 0  |6 GN0740 P93  |7 0  |9 2997  |a HOL  |b HOL  |c GJ  |d 2021-08-12  |l 0  |o GN740.P93  |p 2021-66685  |r 2021-08-12 00:00:00  |w 2021-08-12  |y BK 
999 |c 1518  |d 1518